<?xml version="1.0" encoding="UTF-8"?><?xml-stylesheet type="text/xsl" href="static/style.xsl"?><OAI-PMH xmlns="http://www.openarchives.org/OAI/2.0/" xmlns:xsi="http://www.w3.org/2001/XMLSchema-instance" xsi:schemaLocation="http://www.openarchives.org/OAI/2.0/ http://www.openarchives.org/OAI/2.0/OAI-PMH.xsd"><responseDate>2026-06-01T04:33:42Z</responseDate><request verb="GetRecord" identifier="oai:riuma.uma.es:10630/17061" metadataPrefix="marc">https://riuma.uma.es/rest/oai/request</request><GetRecord><record><header><identifier>oai:riuma.uma.es:10630/17061</identifier><datestamp>2026-02-03T10:20:14Z</datestamp><setSpec>com_10630_1685</setSpec><setSpec>col_10630_38055</setSpec></header><metadata><record xmlns="http://www.loc.gov/MARC21/slim" xmlns:dcterms="http://purl.org/dc/terms/" xmlns:doc="http://www.lyncode.com/xoai" xmlns:xsi="http://www.w3.org/2001/XMLSchema-instance" xsi:schemaLocation="http://www.loc.gov/MARC21/slim http://www.loc.gov/standards/marcxml/schema/MARC21slim.xsd">
   <leader>00925njm 22002777a 4500</leader>
   <datafield ind2=" " ind1=" " tag="042">
      <subfield code="a">dc</subfield>
   </datafield>
   <datafield ind2=" " ind1=" " tag="720">
      <subfield code="a">Espada Marín, Laura</subfield>
      <subfield code="e">author</subfield>
   </datafield>
   <datafield ind2=" " ind1=" " tag="260">
      <subfield code="c">2018-12-17</subfield>
   </datafield>
   <datafield ind2=" " ind1=" " tag="520">
      <subfield code="a">Cada año se realizan alrededor de 30.000 artroplastias o reemplazos totales de cadera&#xd;
en España. Se trata de una de las operaciones de reemplazo más exitosas en ortopedia,&#xd;
aunque también se producen casos de fracaso prostético. Entre el 0.5% y el 3% de los&#xd;
fracasos, suelen deberse a una infección producida en el implante o en las proximidades a&#xd;
este.&#xd;
La infección de un reemplazo total de cadera es de las complicaciones más graves, y&#xd;
el recambio protésico puede realizarse en uno o dos tiempos quirúrgicos. La artroplastia&#xd;
de revisión en dos tiempos consiste en la extracción de la prótesis infectada, el posterior&#xd;
inserto de un espaciador temporal, y, una vez ya tratada la infección, la retirada de este&#xd;
y el emplazamiento de la prótesis definitiva.&#xd;
En este trabajo se ha modelado un espaciador temporal articulado de cadera, ya presente&#xd;
en el mercado, para posteriormente, mediante el software Abaqus/CAE, pronosticar&#xd;
los valores de las tensiones que se generan en este, para mejorar los parámetros que darían&#xd;
lugar al fracaso prostético. También ha sido necesario el uso del software SolidWorks, para&#xd;
el modelado del espaciador.&#xd;
Para poder entender los conceptos que se presentan, primero se realiza una introducción&#xd;
teórica sobre las características y propiedades de los huesos que forman la cadera&#xd;
humana, y del espaciador temporal de cadera, así como la explicación de cada uno de los&#xd;
estados de carga de la marcha humana a los que se ve sometido el espaciador una vez&#xd;
implantado.&#xd;
Finalmente, se ha comprobado los valores obtenidos mediante el estudio y se ha procedido&#xd;
a mejorar el modelo, haciendo una posterior comparación de ambos.</subfield>
   </datafield>
   <datafield ind1="8" ind2=" " tag="024">
      <subfield code="a">https://hdl.handle.net/10630/17061</subfield>
   </datafield>
   <datafield tag="653" ind2=" " ind1=" ">
      <subfield code="a">Cadera - Prótesis</subfield>
   </datafield>
   <datafield tag="653" ind2=" " ind1=" ">
      <subfield code="a">Métodos de los elementos finitos</subfield>
   </datafield>
   <datafield tag="653" ind2=" " ind1=" ">
      <subfield code="a">Ingeniería biomédica</subfield>
   </datafield>
   <datafield tag="653" ind2=" " ind1=" ">
      <subfield code="a">Informática - Trabajos Fin de Grado</subfield>
   </datafield>
   <datafield tag="653" ind2=" " ind1=" ">
      <subfield code="a">Grado en Ingeniería de la Salud - Trabajos Fin de Grado</subfield>
   </datafield>
   <datafield ind2="0" ind1="0" tag="245">
      <subfield code="a">Estudio mediante análisis de elementos finitos de un espaciador temporal articulado de cadera</subfield>
   </datafield>
</record>
</metadata></record></GetRecord></OAI-PMH>